| 000 | 00487 a2200193 4500 | ||
|---|---|---|---|
| 003 | OSt | ||
| 005 | 20180116182906.0 | ||
| 008 | 160426b xxu||||| |||| 00| 0 eng d | ||
| 020 | _a614061406140 | ||
| 040 | _c0 | ||
| 082 | _a111 | ||
| 100 | _aV.Sarrani. | ||
| 110 | _aICFAI | ||
| 245 |
_aEmployees Dress Codes-The Changing HR Norms _cICFAI |
||
| 250 | _aHROB 017 | ||
| 260 |
_aIndia _bICFAI Center for Management Research _c2002 |
||
| 300 | _a24p | ||
| 942 |
_aNBS _cCS _k111 ICF _2ddc |
||
| 999 |
_c347977 _d347977 |
||